| 000 | 00550nam a2200193 a 4500 | ||
|---|---|---|---|
| 005 | 20140310183531.0 | ||
| 008 | 111111s19uu xx 00 eng d | ||
| 020 | _a9789814314763 | ||
| 050 |
_aT 58.6 _b.Oz99 2011 |
||
| 100 | _aOz, Effy | ||
| 245 |
_aPrinciples of management information systems / _cEffy Oz. |
||
| 250 | _aPhilippine ed. | ||
| 260 |
_aSingapore : _bVengage Learning Asia, _c2011. |
||
| 300 |
_a578 p. : _bill. ; _c23 cm. |
||
| 521 | _aIT | ||
| 650 | _aManagement information systems | ||
| 942 |
_cBK _2lcc _kFOR |
||
| 999 |
_c24618 _d24618 |
||